书目信息 |
| 题名: |
电子技术基础
|
|
| 作者: | 康华光 主编 ;华中科技大学电子技术课程组 编 | |
| 分册: | ||
| 出版信息: | 北京 高等教育出版社 2008.04 |
|
| 页数: | 536页 | |
| 开本: | 23cm | |
| 丛书名: | ||
| 单 册: | ||
| 中图分类: | TN01 | |
| 科图分类: | ||
| 主题词: | 通信技术--理论 , 无线电电子学--理论 | |
| 电子资源: | ||
| ISBN: | 978-7-04-017790-9 | |
| 000 | 00880 nam 000265 | |
| 001 | 0100025103 | |
| 005 | 20110401141058.14 | |
| 010 | @a978-7-04-017790-9@dCNY39.90 | |
| 100 | @a20021103d2008 em y0chiy0121 ea | |
| 101 | @achi | |
| 102 | @aCN@b110000 | |
| 105 | @ay z 000yy | |
| 106 | @ar | |
| 200 | 10 | @a电子技术基础@9dian zi ji shu ji chu@e数字部分@f康华光主编@Fkang hua guang zhu bian@g华中科技大学电子技术课程组编@Ghua zhong ke ji da xue dian zi ji shu ke cheng zu bian |
| 210 | @a北京@c高等教育出版社@d2008.04 | |
| 215 | @a536页@d23cm | |
| 517 | 1 | @a数字部分 |
| 606 | @a通信技术@x理论 | |
| 606 | 0 | @a无线电电子学@x理论 |
| 690 | @aTN01@v4 | |
| 701 | 0 | @a康华光@9kang hua guang@4主编 |
| 702 | @a华中科技大学电子技术课程组@9hua zhong ke ji da xue dian zi ji shu ke cheng zu@4编 | |
| 801 | @aCN@c20110401 | |
| 901 | @a000004 | |
| 905 | @b688644-7@dTN01@eK241@f4 | |
| 电子技术基础:数字部分/康华光主编/华中科技大学电子技术课程组编.-北京:高等教育出版社,2008.04 |
| 536页;23cm |
| ISBN 978-7-04-017790-9:CNY39.90 |
| ● |
| 相关链接 |
|
|
|
正题名:电子技术基础
索取号:TN01/K241
 
预约/预借
| 序号 | 登录号 | 条形码 | 馆藏地/架位号 | 状态 | 备注 |
| 1 | 688644 | 206886440 | 自科库301/301自科库 22排4列5层/ [索取号:TN01/K241] | 在馆 | |
| 2 | 688645 | 206886459 | 自科库301/301自科库 22排4列5层/ [索取号:TN01/K241] | 在馆 | |
| 3 | 688646 | 206886468 | 自科库301/301自科库 16排1列3层/ [索取号:TN01/K241] | 在馆 | |
| 4 | 688647 | 206886477 | 自科库301/301自科库 23排4列2层/ [索取号:TN01/K241] | 在馆 | |
| 5 | 908692 | 209086923 | 自科库301/301自科库 23排4列2层/ [索取号:TN01/K241] | 在馆 |